LEADER 01032nam a2200253 i 4500 001 991000466429707536 005 20251126132631.0 008 951012s1986 it ||| | ita 035 $ab10081665-39ule_inst 035 $aLE02516577$9ExL 040 $aBibl. Dip.le Aggr. Scienze Economia - Sez. Settore Economico 082 04$a330.94570927 100 1 $aD'Aponte, Tullio$0276274 245 10$aDal Mezzogiorno all'Europa :$bsaggi di geografia politica ed economica /$cTullio D'Aponte 260 $aNapoli :$bLoffredo,$c1986 300 $a276 p. ;$c24 cm 650 4$aGeografia economica 907 $a.b10081665$b02-07-15$c27-06-02 912 $a991000466429707536 945 $aLE025 ECO 330.9 DAP01.01$g1$i2025000008953$lle025$o-$pE0.00$q-$rl$s-$t0$u0$v0$w0$x0$y.i10093035$z27-06-02 945 $aLE025 ECO 330.9 DAP01.01$g2$i2025000263024$lle025$og$pE11.00$q-$rl$s-$t0$u0$v0$w0$x0$y.i15511789$z20-05-13 996 $aDal Mezzogiorno all'Europa$9195732 997 $aUNISALENTO 998 $ale025$b01-01-95$cm$da$e-$fita$git$h0$i1